IX Censo Nacional de Población: resultados generales . V Censo Nacional de Vivienda: resultados generales
Gardado en:
| Autor Corporativo: | |
|---|---|
| Formato: | Texto |
| Publicado: |
San José:
INEC
|
| Etiquetas: |
Engadir etiqueta
Sen Etiquetas, Sexa o primeiro en etiquetar este rexistro!
|
MARC
| LEADER | 00000 a a2200000 04500 | ||
|---|---|---|---|
| 001 | 28103 | ||
| 003 | |||
| 040 | |||
| 020 | |a 9968-9840-3-5 | ||
| 090 | |a 1001 CR8375c IX y V2000re | ||
| 110 | |a Instituto Nacional de Estadística y Censos (Costa Rica) | ||
| 245 | |a IX Censo Nacional de Población: resultados generales . V Censo Nacional de Vivienda: resultados generales | ||
| 260 | |a San José: |b INEC | ||
| 300 | |a 80 p |b **no definido** |b fonodiscos | ||
| 999 | |c 5742 |d 5742 | ||



